[Event "Titled Tuesday intern op 11th Jun Early"]
[Site "Chess.com INT"]
[Date "2024.06.11"]
[Round "7"]
[White "Kodinets, Konstantin L"]
[Black "Csonka, Balazs"]
[Result "1-0"]
[WhiteElo "2409"]
[BlackElo "2481"]
[PlyCount "123"]
[EventDate "2024.06.11"]
[EventType "swiss (blitz)"]
[EventRounds "11"]
[EventCountry "USA"]
[SourceTitle "EXT 2025"]
[Source "ChessBase"]
[SourceDate "2024.10.14"]
[SourceVersion "1"]
[SourceVersionDate "2024.10.14"]
[SourceQuality "1"]

1. d4 Nf6 2. Nf3 e6 3. Bg5 d5 4. Nbd2 Be7 5. e3 Nbd7 6. Bd3 h6 7. Bh4 0-0 8. 0-0 c5 9. c3 b6 10. Qe2 Bb7 11. Ne5 Nxe5 12. dxe5 Ne4 13. Bxe7 Qxe7 14. f4 Nxd2 15. Qxd2 f6 16. exf6 Rxf6 17. Rae1 Raf8 18. e4 dxe4 19. Bxe4 Bxe4 20. Rxe4 Qf7 21. Qe2 e5 22. Rxe5 Rxf4 23. Rxf4 Qxf4 24. h3 Qc1+ 25. Kh2 Qf4+ 26. Kg1 Qf7 27. a3 Qg6 28. Re6 Qg3 29. Re8 Rxe8 30. Qxe8+ Kh7 31. Qe4+ Kh8 32. Qe8+ Kh7 33. Qe4+ Qg6 34. Qe2 Qb1+ 35. Kh2 Qf5 36. Qe3 c4 37. a4 Qg6 38. Qd4 Qc6 39. Qd1 a6 40. Kh1 Kh8 41. Qd8+ Kh7 42. Qd1 g6 43. b4 cxb3 44. Qxb3 h5 45. Qb4 Qe6 46. Qd4 b5 47. axb5 axb5 48. Kh2 Qc6 49. Qe5 Kg8 50. h4 Kf7 51. Qf4+ Ke7 52. Qg5+ Kd7 53. Qe3 Qd6+ 54. g3 Kc6 55. Qe4+ Kb6 56. Qe3+ Qc5 57. Qd3 Qc6 58. Qe3+ Ka6 59. Qd3 Qe6 60. Qf3 Kb6 61. Qf2+ Ka6 62. Qf3 1-0

[Event "Titled Tuesday intern op 11th Jun Early"]
[Site "Chess.com INT"]
[Date "2024.06.11"]
[Round "1"]
[White "Subervi Nunez, Jonathan Sigfredo"]
[Black "Kodinets, Konstantin L"]
[Result "1-0"]
[WhiteElo "2048"]
[BlackElo "2409"]
[PlyCount "173"]
[EventDate "2024.06.11"]
[EventType "swiss (blitz)"]
[EventRounds "11"]
[EventCountry "USA"]
[SourceTitle "EXT 2025"]
[Source "ChessBase"]
[SourceDate "2024.10.14"]
[SourceVersion "1"]
[SourceVersionDate "2024.10.14"]
[SourceQuality "1"]

1. e4 e5 2. Nf3 d6 3. d4 exd4 4. Nxd4 Nf6 5. Nc3 Be7 6. g3 0-0 7. Bg2 Re8 8. 0-0 Nbd7 9. Re1 Ne5 10. h3 c6 11. Nde2 Bf8 12. b3 Ng6 13. f4 Qc7 14. Be3 Bd7 15. Bf2 Rad8 16. Qd3 b5 17. a3 a5 18. g4 h6 19. b4 Bc8 20. Qd2 axb4 21. axb4 d5 22. e5 Ne4 23. Nxe4 dxe4 24. Qc3 Qe7 25. Reb1 h5 26. Qg3 hxg4 27. hxg4 Rd2 28. Nd4 Qd7 29. c3 c5 30. Nf5 Rd3 31. Qh2 cxb4 32. cxb4 e3 33. Bxe3 Rxe3 34. Nxe3 Qd4 35. Qg3 Nxf4 36. Re1 Rxe5 37. Rad1 Qxb4 38. Nc2 Rxe1+ 39. Rxe1 Qc5+ 40. Qe3 Nxg2 41. Qxc5 Bxc5+ 42. Kxg2 Bxg4 43. Ne3 Bxe3 44. Rxe3 Be6 45. Kf3 g5 46. Ke4 Kg7 47. Ke5 Kg6 48. Rc3 Bc4 49. Rf3 Be6 50. Rf6+ Kg7 51. Rf3 b4 52. Rg3 Kg6 53. Kd4 b3 54. Kc3 f5 55. Rg1 f4 56. Re1 Bf7 57. Kd4 Kf5 58. Re5+ Kg4 59. Rb5 f3 60. Ke3 Be6 61. Kf2 Bf7 62. Rb4+ Kf5 63. Kxf3 Bd5+ 64. Ke3 Ke5 65. Rb5 g4 66. Ra5 g3 67. Rb5 g2 68. Kf2 Kd4 69. Rb4+ Kc3 70. Rb8 b2 71. Rc8+ Kd2 72. Rd8 Kc2 73. Rxd5 b1Q 74. Rc5+ Kd3 75. Rg5 Qc1 76. Rg3+ Ke4 77. Kxg2 Qd2+ 78. Kh3 Kf4 79. Rg4+ Kf5 80. Rg3 Qe2 81. Rg2 Qf3+ 82. Kh2 Kf4 83. Rg1 Qe4 84. Rg2 Kf3 85. Rg3+ Kf2 86. Kh3 Qf5+ 87. Kh4 1-0

[Event "Titled Tuesday intern op 28th May Early"]
[Site "Chess.com INT"]
[Date "2024.05.28"]
[Round "4"]
[White "Kodinets, Konstantin L"]
[Black "Beerdsen, Thomas"]
[Result "0-1"]
[WhiteElo "2409"]
[BlackElo "2501"]
[PlyCount "94"]
[EventDate "2024.05.28"]
[EventType "swiss (blitz)"]
[EventRounds "11"]
[EventCountry "USA"]
[SourceTitle "EXT 2025"]
[Source "ChessBase"]
[SourceDate "2024.10.14"]
[SourceVersion "1"]
[SourceVersionDate "2024.10.14"]
[SourceQuality "1"]

1. d4 d5 2. Nf3 Nc6 3. Bf4 Bg4 4. Nbd2 e6 5. a3 Bd6 6. Bxd6 Qxd6 7. e3 Nge7 8. c4 0-0 9. Rc1 Rad8 10. Be2 e5 11. cxd5 Qxd5 12. e4 Qa5 13. d5 Bxf3 14. Bxf3 Nd4 15. 0-0 b5 16. Nb3 Nxb3 17. Qxb3 Rd6 18. Rc5 c6 19. Rfc1 cxd5 20. Rxb5 Qd8 21. exd5 f5 22. g3 e4 23. Be2 f4 24. Bg4 e3 25. fxe3 fxg3 26. hxg3 Ng6 27. Be6+ Kh8 28. Rbc5 Qg5 29. e4 h5 30. Rc8 Kh7 31. Bf5 Rxf5 32. exf5 Qxf5 33. R8c6 Rxd5 34. Qc2 Qg5 35. Rxg6 Qxg6 36. Qxg6+ Kxg6 37. Rc6+ Kf5 38. Rc7 Rd1+ 39. Kg2 Rd2+ 40. Kf3 Rxb2 41. Rxa7 Rb3+ 42. Kf2 g5 43. Rf7+ Kg4 44. Ra7 Rb2+ 45. Ke3 Kxg3 46. a4 h4 47. a5 h3 0-1

[Event "Titled Tuesday intern op 28th May Early"]
[Site "Chess.com INT"]
[Date "2024.05.28"]
[Round "7"]
[White "Kodinets, Konstantin L"]
[Black "Preobrazhenskaya, Diana"]
[Result "1-0"]
[WhiteElo "2409"]
[BlackElo "1981"]
[PlyCount "59"]
[EventDate "2024.05.28"]
[EventType "swiss (blitz)"]
[EventRounds "11"]
[EventCountry "USA"]
[SourceTitle "EXT 2025"]
[Source "ChessBase"]
[SourceDate "2024.10.14"]
[SourceVersion "1"]
[SourceVersionDate "2024.10.14"]
[SourceQuality "1"]

1. d4 Nf6 2. Nf3 b6 3. Bg5 Bb7 4. Nbd2 d5 5. e3 h6 6. Bh4 e6 7. Bb5+ c6 8. Bd3 Bd6 9. Ne5 Nbd7 10. f4 g5 11. Bg3 Bxe5 12. fxe5 Ng8 13. 0-0 Ne7 14. Qh5 Rf8 15. Qxh6 Qc7 16. Qxg5 Rg8 17. Qh5 0-0-0 18. Rxf7 Rh8 19. Qg4 Nf8 20. Bh4 Re8 21. Raf1 Kb8 22. Bxe7 Rxe7 23. Rxf8+ Re8 24. Rxh8 Rxh8 25. Qxe6 Qd8 26. Qf6 Qe8 27. Bg6 Qg8 28. e6 Ka8 29. e7 Qb8 30. e8Q 1-0

[Event "Speed Chess Q1 Sw"]
[Site "Chess.com INT"]
[Date "2023.08.21"]
[Round "12"]
[White "Kodinets, Konstantin L"]
[Black "Perossa, Nicolas"]
[Result "1/2-1/2"]
[WhiteElo "2409"]
[BlackElo "2265"]
[PlyCount "262"]
[EventDate "2023.08.21"]
[EventType "k.o. (blitz)"]
[EventRounds "14"]
[EventCountry "USA"]
[SourceTitle "CBM 215 Extra"]
[Source "ChessBase"]
[SourceDate "2023.09.30"]
[SourceVersion "1"]
[SourceVersionDate "2023.09.30"]
[SourceQuality "1"]

1. d4 g6 2. e4 Bg7 3. c3 d6 4. Bg5 c5 5. d5 Nd7 6. Nd2 Ngf6 7. Ngf3 h6 8. Bh4 Nb6 9. a4 Bg4 10. a5 Nbd7 11. Qc2 Bxf3 12. Nxf3 0-0 13. Bb5 a6 14. Bxd7 Qxd7 15. 0-0 Rab8 16. Bxf6 Bxf6 17. Nd2 e6 18. Nc4 exd5 19. exd5 Bd8 20. Rfe1 Bc7 21. Re4 Rbe8 22. Rae1 Rxe4 23. Qxe4 Kg7 24. h3 h5 25. g4 hxg4 26. hxg4 Rh8 27. f3 Qd8 28. Qe7 Qxe7 29. Rxe7 Rc8 30. Kg2 Kf8 31. Re4 Re8 32. Rxe8+ Kxe8 33. f4 Kd7 34. Kf3 f5 35. gxf5 gxf5 36. b4 cxb4 37. cxb4 Bd8 38. Ne3 Bf6 39. Ke2 Bc3 40. Nc2 Kc7 41. Kd3 Bb2 42. Ne3 Bc1 43. Nxf5 Bxf4 44. Nd4 Be5 45. Ne6+ Kd7 46. Kc4 Bh2 47. Ng5 Bg1 48. Ne4 Be3 49. Nc3 Bg1 50. Na4 Bf2 51. Nb2 Bg1 52. Nd3 Be3 53. Kb3 Bh6 54. Ka4 Kc7 55. b5 axb5+ 56. Kxb5 Be3 57. Nb4 Bc5 58. Na2 Kb8 59. Nc1 Kc7 60. Nd3 Bd4 61. Nf4 Be5 62. Ne6+ Kc8 63. Ng5 Bh2 64. Nf3 Bf4 65. Nd4 Be5 66. Nc2 Bh2 67. Na3 Bg1 68. Nc4 Kc7 69. Kb4 Bc5+ 70. Kc3 Kd7 71. Kd3 Kc7 72. Ke4 Bb4 73. Kf5 Kd7 74. Kf6 Bc3+ 75. Kf7 Bb4 76. Kf8 Bc3 77. Nb6+ Kc7 78. Nc4 Bb4 79. Ke7 Bc5 80. Ke6 Bb4 81. Kf6 Bc5 82. Kf5 Bb4 83. Ke6 Bc5 84. Nd2 Bb4 85. Nb3 Bc3 86. Ke7 Bb4 87. Ke8 Bc3 88. Kf7 Kd7 89. Kg6 Ke7 90. Kf5 Kf7 91. Ke4 Kf6 92. Kd3 Bb4 93. Kc4 Be1 94. Kb5 Ke5 95. Kc4 Ke4 96. Nd4 Bxa5 97. Nb5 Ke5 98. Nd4 Bb6 99. Nf3+ Ke4 100. Ng5+ Ke5 101. Nf7+ Kf5 102. Nxd6+ Ke5 103. Nxb7 Bc7 104. Nc5 Kd6 105. Na6 Kd7 106. Kc5 Bd6+ 107. Kd4 Bc7 108. Nc5+ Kd6 109. Ne4+ Kd7 110. Kc5 Bb8 111. Nf6+ Ke7 112. Ng8+ Kf7 113. Nh6+ Kg6 114. Ng4 Kf5 115. Ne3+ Ke5 116. Nc4+ Kf6 117. Kc6 Ke7 118. Nb6 Kd8 119. Nd7 Bc7 120. Nc5 Bh2 121. Ne6+ Ke7 122. Ng5 Bf4 123. Ne4 Be5 124. Nd2 Bd4 125. Nc4 Kd8 126. Nd6 Bg1 127. Nf7+ Ke8 128. d6 Kxf7 129. d7 Ke7 130. Kc7 Bb6+ 131. Kxb6 Kxd7 1/2-1/2

[Event "Speed Chess Q1 Sw"]
[Site "Chess.com INT"]
[Date "2023.08.21"]
[Round "5"]
[White "Koellner, Ruben Gideon"]
[Black "Kodinets, Konstantin L"]
[Result "1-0"]
[WhiteElo "2478"]
[BlackElo "2409"]
[PlyCount "119"]
[EventDate "2023.08.21"]
[EventType "k.o. (blitz)"]
[EventRounds "14"]
[EventCountry "USA"]
[SourceTitle "CBM 215 Extra"]
[Source "ChessBase"]
[SourceDate "2023.09.30"]
[SourceVersion "1"]
[SourceVersionDate "2023.09.30"]
[SourceQuality "1"]

1. d4 d6 2. Nf3 Nf6 3. Nbd2 Nbd7 4. e4 e5 5. dxe5 Nxe5 6. Nxe5 dxe5 7. Bc4 Bc5 8. 0-0 0-0 9. Qe2 h6 10. c3 a5 11. a4 Qe7 12. Nb3 Bb6 13. Be3 Nd7 14. Rfd1 Bxe3 15. Qxe3 Nb6 16. Be2 Bd7 17. Qc5 Qe6 18. Qxc7 Rfc8 19. Qxb7 Rab8 20. Nc5 Rxb7 21. Nxe6 Bxe6 22. Ba6 Rcb8 23. Bxb7 Rxb7 24. b4 Nc4 25. bxa5 Nxa5 26. Rd8+ Kh7 27. Ra8 Nb3 28. Rb1 Rc7 29. a5 Rxc3 30. a6 Nd2 31. Ra1 Nxe4 32. a7 Bd5 33. Rd8 Bb7 34. f3 Ng5 35. Rb1 Nxf3+ 36. gxf3 Bxf3 37. Rf1 Be4 38. a8Q Bxa8 39. Rxa8 Rc7 40. Re8 f6 41. Rd1 h5 42. Red8 Kh6 43. R1d7 Rc1+ 44. Kf2 Rc2+ 45. Kg3 Rc3+ 46. Rd3 Rc1 47. Rh8+ Kg6 48. Rd7 Rg1+ 49. Kf2 Rg5 50. Rg8 Kh7 51. Rf8 h4 52. Rxf6 h3 53. Rf3 Rg2+ 54. Ke3 Rxh2 55. Rg3 Rh1 56. Rdxg7+ Kh6 57. Rg8 Kh7 58. R8g4 Re1+ 59. Kf2 Re4 60. Rxh3# 1-0

[Event "Titled Tuesday intern op 17th Jan Early"]
[Site "Chess.com INT"]
[Date "2023.01.17"]
[Round "2"]
[White "Kodinets, Konstantin L"]
[Black "Shimanov, Aleksandr"]
[Result "0-1"]
[WhiteElo "2409"]
[BlackElo "2581"]
[PlyCount "84"]
[EventDate "2023.01.17"]
[EventType "swiss (blitz)"]
[EventRounds "11"]
[EventCountry "USA"]
[SourceTitle "CBM 212 Extra"]
[Source "ChessBase"]
[SourceDate "2023.03.31"]
[SourceVersion "1"]
[SourceVersionDate "2023.03.31"]
[SourceQuality "1"]

1. d4 e6 2. Nf3 b5 3. Bf4 Bb7 4. Nbd2 Nf6 5. c3 a6 6. e3 c5 7. Bd3 Be7 8. 0-0 0-0 9. h3 d6 10. Qe2 Nbd7 11. Bh2 Qb6 12. a3 Rac8 13. Rfd1 Rfd8 14. Rac1 Nf8 15. e4 cxd4 16. cxd4 Ng6 17. b4 Qa7 18. Nb3 Qa8 19. Nfd2 Nd7 20. Na5 Nb6 21. Nxb7 Qxb7 22. Nb3 h6 23. Na5 Qd7 24. Qe3 d5 25. Bg3 Nf8 26. exd5 Nxd5 27. Qf3 Bg5 28. Rxc8 Rxc8 29. Be4 Nc3 30. Ra1 Nxe4 31. Qxe4 Qd5 32. Qd3 Ng6 33. Re1 Bf6 34. Rd1 Ne7 35. Kh2 Nf5 36. Be5 Bxe5+ 37. dxe5 Qxe5+ 38. g3 Rc3 39. Qd8+ Kh7 40. Rd3 Rc2 41. Rf3 Nxg3 42. Kg2 Nf5 0-1

[Event "Titled Tuesday intern op 20th Dec Early"]
[Site "Chess.com INT"]
[Date "2022.12.20"]
[Round "5"]
[White "Harshavardhan, GB."]
[Black "Kodinets, Konstantin L"]
[Result "1/2-1/2"]
[WhiteElo "2434"]
[BlackElo "2409"]
[PlyCount "187"]
[EventDate "2022.12.20"]
[EventType "swiss (blitz)"]
[EventRounds "11"]
[EventCountry "USA"]
[SourceTitle "EXT 2024"]
[Source "ChessBase"]
[SourceDate "2023.10.10"]
[SourceVersion "1"]
[SourceVersionDate "2023.10.10"]
[SourceQuality "1"]

1. d4 d6 2. Nf3 Nf6 3. Nc3 Nbd7 4. e4 e5 5. Bc4 Be7 6. h3 0-0 7. 0-0 exd4 8. Nxd4 Ne5 9. Be2 Ng6 10. a4 c6 11. Kh1 Re8 12. f4 Bf8 13. Bd3 Qc7 14. Qf3 h5 15. Be3 Bd7 16. Rae1 a6 17. Nf5 b5 18. b4 Bc8 19. Bd4 Qd8 20. axb5 axb5 21. Ne2 h4 22. Ba1 Ra3 23. Ned4 Bb7 24. Nb3 d5 25. e5 Ne4 26. Rxe4 dxe4 27. Qxe4 Ba8 28. Nc5 Bxc5 29. bxc5 Qa5 30. Nd6 Rxa1 31. Nxe8 Rxf1+ 32. Bxf1 Qa1 33. Kg1 Qc3 34. Bd3 Qxc5+ 35. Kf1 Qa3 36. Nd6 c5 37. Qf5 Qc1+ 38. Kf2 Qxf4+ 39. Qxf4 Nxf4 40. Be4 Bxe4 41. Nxe4 Ng6 42. e6 fxe6 43. Nxc5 Kf7 44. Nd3 e5 45. Kf3 Ke6 46. Ke4 Kd6 47. c3 Ke6 48. Nc5+ Kf6 49. Nd3 Ke6 50. Ne1 Kd6 51. Kf5 Ne7+ 52. Kg5 Nd5 53. Kxh4 Nxc3 54. Nc2 e4 55. Kg4 Ke5 56. h4 Nd5 57. h5 b4 58. Kg3 b3 59. Na3 Ne3 60. Kf2 Nc2 61. Nc4+ Kd4 62. Nb2 Ne3 63. g3 Ng4+ 64. Ke2 Ne5 65. Na4 Nd3 66. Kd2 b2 67. Kc2 Ke3 68. Nc3 Kf3 69. g4 Kxg4 70. Nxe4 Kxh5 71. Nd2 Nf2 72. Kxb2 Kg4 73. Kc2 Kf4 74. Nf1 g5 75. Kd2 Kf3 76. Ne3 Ne4+ 77. Kd3 Nc5+ 78. Kd2 Nb3+ 79. Kd3 Nc1+ 80. Kd2 Ne2 81. Nf5 Nf4 82. Ne3 Ke4 83. Ng4 Nd5 84. Ke2 Kf4 85. Nh2 Kg3 86. Nf1+ Kg2 87. Nd2 g4 88. Ne4 Nf4+ 89. Ke3 Nd5+ 90. Kd4 Ne7 91. Ke5 Kf3 92. Ng5+ Kf2 93. Kf4 Ng6+ 94. Kxg4 1/2-1/2

[Event "Titled Tuesday intern op 20th Dec Early"]
[Site "Chess.com INT"]
[Date "2022.12.20"]
[Round "6"]
[White "Kodinets, Konstantin L"]
[Black "Agasarov, Benik"]
[Result "0-1"]
[WhiteElo "2409"]
[BlackElo "2278"]
[PlyCount "108"]
[EventDate "2022.12.20"]
[EventType "swiss (blitz)"]
[EventRounds "11"]
[EventCountry "USA"]
[SourceTitle "EXT 2024"]
[Source "ChessBase"]
[SourceDate "2023.10.10"]
[SourceVersion "1"]
[SourceVersionDate "2023.10.10"]
[SourceQuality "1"]

1. d4 Nf6 2. Nf3 g6 3. Bg5 Bg7 4. Nbd2 0-0 5. e4 d6 6. c3 Nbd7 7. Bc4 c6 8. a4 d5 9. exd5 cxd5 10. Bd3 b6 11. 0-0 Bb7 12. Re1 Re8 13. h3 Qc7 14. Bh4 e6 15. Bg3 Qd8 16. Ne5 Nh5 17. Bh2 Nxe5 18. Bxe5 Bxe5 19. Rxe5 Ng7 20. Nf3 f6 21. Re2 Qd6 22. Qe1 Re7 23. a5 Rae8 24. axb6 axb6 25. Bb5 Bc6 26. Bxc6 Qxc6 27. Ra6 Qb5 28. Ra1 Kf7 29. g4 h6 30. h4 g5 31. hxg5 hxg5 32. Kg2 Rh8 33. Qd2 Qd7 34. Nh2 Rh4 35. f3 e5 36. dxe5 Ne6 37. Kh1 Nf4 38. e6+ Rxe6 39. Rxe6 Qxe6 40. Re1 Qd6 41. Qc2 Kg7 42. b4 Ng6 43. Ra1 Qg3 44. Qg2 Qe5 45. Ra7+ Kh6 46. Qd2 Qg3 47. Qg2 Qe1+ 48. Qg1 Qxc3 49. Qf1 Qb2 50. Qg2 Qb1+ 51. Qg1 Qxb4 52. Rb7 Ne5 53. Rxb6 Qf4 54. Rxf6+ Qxf6 0-1

[Event "Titled Tuesday intern op 22nd Nov Early"]
[Site "Chess.com INT"]
[Date "2022.11.22"]
[Round "5"]
[White "Ajay, Karthikeyan"]
[Black "Kodinets, Konstantin L"]
[Result "1-0"]
[WhiteElo "2441"]
[BlackElo "2409"]
[PlyCount "63"]
[EventDate "2022.11.22"]
[EventType "swiss (blitz)"]
[EventRounds "11"]
[EventCountry "USA"]
[SourceTitle "CBM 211 Extra"]
[Source "ChessBase"]
[SourceDate "2023.01.31"]
[SourceVersion "1"]
[SourceVersionDate "2023.01.31"]
[SourceQuality "1"]

1. e4 e5 2. Nf3 d6 3. d4 exd4 4. Qxd4 Nf6 5. Nc3 Be7 6. Bb5+ c6 7. Bc4 0-0 8. h3 b5 9. Bb3 a5 10. a4 b4 11. Ne2 Bb7 12. Ng3 Re8 13. 0-0 Na6 14. Bf4 Nc5 15. Rfe1 Nxb3 16. cxb3 c5 17. Qd3 d5 18. e5 Ne4 19. Rad1 h6 20. Qe3 Ng5 21. Bxg5 hxg5 22. e6 f6 23. Nf5 d4 24. Qd3 Qd5 25. Rc1 Rac8 26. Kh2 Bd6+ 27. Kg1 Rxe6 28. Rxe6 Qxe6 29. Re1 Qd5 30. Re7 Rc7 31. Rxc7 Bxc7 32. Ne7+ 1-0

[Event "Titled Tuesday intern op 08th Nov Early"]
[Site "Chess.com INT"]
[Date "2022.11.08"]
[Round "6"]
[White "Begunov, Konstantin"]
[Black "Kodinets, Konstantin L"]
[Result "1-0"]
[WhiteElo "2325"]
[BlackElo "2409"]
[PlyCount "59"]
[EventDate "2022.11.08"]
[EventType "swiss (blitz)"]
[EventRounds "11"]
[EventCountry "USA"]
[SourceTitle "EXT 2024"]
[Source "ChessBase"]
[SourceDate "2023.10.10"]
[SourceVersion "1"]
[SourceVersionDate "2023.10.10"]
[SourceQuality "1"]

1. d4 d6 2. e4 Nf6 3. f3 Nbd7 4. c4 c6 5. Nc3 e5 6. Nge2 Be7 7. Be3 0-0 8. Qd2 d5 9. exd5 cxd5 10. cxd5 exd4 11. Qxd4 Bc5 12. Qd2 Bxe3 13. Qxe3 Re8 14. Qd4 Qa5 15. 0-0-0 Nb6 16. Ng3 Bd7 17. Kb1 Rac8 18. Nge4 Bf5 19. Bb5 Nxe4 20. fxe4 Rxe4 21. Nxe4 Qxb5 22. Ka1 Rc4 23. Nd6 Rxd4 24. Nxb5 Rxd5 25. Nd6 Be6 26. Nxb7 h5 27. Nd6 Rg5 28. g3 h4 29. gxh4 Rg2 30. Ne4 1-0

[Event "Titled Tuesday intern op 08th Nov Early"]
[Site "Chess.com INT"]
[Date "2022.11.08"]
[Round "3"]
[White "Kodinets, Konstantin L"]
[Black "Kopylov, Alexander A"]
[Result "0-1"]
[WhiteElo "2409"]
[BlackElo "2397"]
[PlyCount "72"]
[EventDate "2022.11.08"]
[EventType "swiss (blitz)"]
[EventRounds "11"]
[EventCountry "USA"]
[SourceTitle "EXT 2024"]
[Source "ChessBase"]
[SourceDate "2023.10.10"]
[SourceVersion "1"]
[SourceVersionDate "2023.10.10"]
[SourceQuality "1"]

1. d4 c5 2. d5 e6 3. Nc3 Nf6 4. e4 exd5 5. Nxd5 Nxd5 6. Qxd5 Nc6 7. Bg5 Be7 8. Nf3 0-0 9. Bxe7 Qxe7 10. 0-0-0 Nb4 11. Qe5 Qxe5 12. Nxe5 Nxa2+ 13. Kb1 Nb4 14. Bc4 Nc6 15. Rd5 Re8 16. Nxf7 Kxf7 17. Re5+ Kf8 18. Rf5+ Ke7 19. Rf7+ Kd6 20. Rxg7 Rxe4 21. Rd1+ Kc7 22. Bd5 Re7 23. Rg8 b6 24. f4 Bb7 25. Rxa8 Bxa8 26. c3 Bb7 27. g4 Nd8 28. Bxb7 Nxb7 29. f5 Nd6 30. f6 Re2 31. Rf1 Nf7 32. h4 Re4 33. Rg1 Rf4 34. g5 Rxh4 35. g6 hxg6 36. Rxg6 Rf4 0-1

[Event "Titled Tuesday intern op 08th Nov Early"]
[Site "Chess.com INT"]
[Date "2022.11.08"]
[Round "7"]
[White "Kodinets, Konstantin L"]
[Black "Prydun, Andriy"]
[Result "1/2-1/2"]
[WhiteElo "2409"]
[BlackElo "2134"]
[PlyCount "101"]
[EventDate "2022.11.08"]
[EventType "swiss (blitz)"]
[EventRounds "11"]
[EventCountry "USA"]
[SourceTitle "EXT 2024"]
[Source "ChessBase"]
[SourceDate "2023.10.10"]
[SourceVersion "1"]
[SourceVersionDate "2023.10.10"]
[SourceQuality "1"]

1. d4 Nf6 2. Nf3 a6 3. Bf4 b5 4. Nbd2 Bb7 5. c3 g6 6. a4 c6 7. e4 Bg7 8. h3 0-0 9. Bd3 d6 10. 0-0 Nbd7 11. Qc2 Qb6 12. Bh2 Rae8 13. e5 Nd5 14. exd6 e5 15. dxe5 Nxe5 16. Nxe5 Bxe5 17. Bxe5 Rxe5 18. axb5 cxb5 19. Rfe1 Qxd6 20. Nf3 Rxe1+ 21. Rxe1 Nb6 22. Be4 Bxe4 23. Rxe4 Rd8 24. Rd4 Qe7 25. Qd3 Rxd4 26. Qxd4 Nc4 27. b3 Nd6 28. g4 Qe4 29. Qxd6 Qxf3 30. Qxa6 Qxc3 31. Qxb5 Qxh3 32. Qb8+ Kg7 33. Qe5+ Kg8 34. Qe8+ Kg7 35. Qe5+ Kf8 36. Qb8+ Ke7 37. Qc7+ Ke6 38. Qc4+ Kd6 39. b4 Qf3 40. b5 Qd1+ 41. Kg2 Qd5+ 42. Qxd5+ Kxd5 43. Kf3 Kc5 44. Kf4 f6 45. g5 fxg5+ 46. Kxg5 h5 47. f4 Kxb5 48. f5 gxf5 49. Kxf5 h4 50. Kg4 h3 51. Kxh3 1/2-1/2

[Event "Titled Tuesday intern op 01st Nov Late"]
[Site "Chess.com INT"]
[Date "2022.11.01"]
[Round "9"]
[White "Kodinets, Konstantin L"]
[Black "Zilleruelo Irizarry, Diego"]
[Result "0-1"]
[WhiteElo "2409"]
[BlackElo "2081"]
[PlyCount "108"]
[EventDate "2022.11.01"]
[EventType "swiss (blitz)"]
[EventRounds "11"]
[EventCountry "USA"]
[SourceTitle "EXT 2024"]
[Source "ChessBase"]
[SourceDate "2023.10.10"]
[SourceVersion "1"]
[SourceVersionDate "2023.10.10"]
[SourceQuality "1"]

1. d4 d5 2. Nf3 e6 3. Bf4 Bd6 4. e3 Bxf4 5. exf4 Nf6 6. Nbd2 0-0 7. c3 b6 8. g3 c5 9. h4 Ba6 10. Bxa6 Nxa6 11. Qe2 Nc7 12. 0-0 Nce8 13. Rfe1 Nd6 14. Rad1 Nde4 15. Nf1 Rc8 16. Ne5 Nd7 17. f3 Nef6 18. Kg2 Nxe5 19. fxe5 Nd7 20. f4 cxd4 21. Rxd4 Nc5 22. Nd2 Qe7 23. h5 h6 24. a3 b5 25. Nf3 Ne4 26. Qxb5 Rb8 27. Qe2 Rb3 28. Rb4 Rb8 29. Qc2 R3xb4 30. axb4 Rc8 31. Qa4 Qb7 32. Ra1 Rc7 33. Qa6 Qb8 34. Nd4 Qe8 35. Nb5 Rd7 36. Qc6 Qd8 37. Nd4 Nd2 38. Ra6 Nc4 39. Qc5 Nxb2 40. Rxa7 Rxa7 41. Qxa7 Nd1 42. Qc5 Qa8 43. Qa5 Qb7 44. b5 Ne3+ 45. Kf3 Nc4 46. Qa6 Qc7 47. Qb6 Nxb6 48. Nc6 Nc4 49. Ke2 Qb6 50. Kd3 Qxb5 51. Ne7+ Kf8 52. Nc8 Nxe5+ 53. Kd4 Qc4+ 54. Kxe5 Qxc8 0-1

[Event "Titled Tuesday intern op 01st Nov Late"]
[Site "Chess.com INT"]
[Date "2022.11.01"]
[Round "1"]
[White "Marchesich, Giovanni"]
[Black "Kodinets, Konstantin L"]
[Result "0-1"]
[WhiteElo "2192"]
[BlackElo "2409"]
[PlyCount "80"]
[EventDate "2022.11.01"]
[EventType "swiss (blitz)"]
[EventRounds "11"]
[EventCountry "USA"]
[SourceTitle "EXT 2024"]
[Source "ChessBase"]
[SourceDate "2023.10.10"]
[SourceVersion "1"]
[SourceVersionDate "2023.10.10"]
[SourceQuality "1"]

1. d4 d6 2. Nf3 Nf6 3. Bg5 Nbd7 4. Nbd2 h6 5. Bh4 g5 6. Bg3 Nh5 7. e4 Bg7 8. c3 c5 9. dxc5 Nxc5 10. Bc4 Be6 11. Bxe6 Nxe6 12. 0-0 0-0 13. Nxg5 Nxg5 14. Qxh5 Qb6 15. Kh1 Qxb2 16. Rad1 Qc2 17. Rfe1 Bxc3 18. f4 Bxd2 19. fxg5 Bxg5 20. h4 Bf6 21. Qxh6 Bg7 22. Qg5 Qxa2 23. Rd5 e6 24. h5 Kh7 25. Rxd6 Bh6 26. Qf6 Qa5 27. e5 Qb4 28. Rd7 Qg4 29. Rxf7+ Rxf7 30. Qxf7+ Bg7 31. Re3 Rf8 32. Qg6+ Qxg6 33. hxg6+ Kxg6 34. Rd3 Rf7 35. Kh2 b5 36. Rb3 Rb7 37. Rb4 a5 38. Rg4+ Kf7 39. Rf4+ Kg8 40. Bf2 Bxe5 0-1

[Event "Titled Tuesday intern op 01st Nov Early"]
[Site "Chess.com INT"]
[Date "2022.11.01"]
[Round "6"]
[White "Narayanan, Srinath"]
[Black "Kodinets, Konstantin L"]
[Result "1-0"]
[WhiteElo "2559"]
[BlackElo "2409"]
[PlyCount "61"]
[EventDate "2022.11.01"]
[EventType "swiss (blitz)"]
[EventRounds "11"]
[EventCountry "USA"]
[SourceTitle "EXT 2024"]
[Source "ChessBase"]
[SourceDate "2023.10.10"]
[SourceVersion "1"]
[SourceVersionDate "2023.10.10"]
[SourceQuality "1"]

1. d4 d6 2. Nf3 Nf6 3. c4 Nbd7 4. Nc3 c6 5. g3 e5 6. Bg2 Be7 7. 0-0 0-0 8. Qc2 a6 9. Rd1 Qc7 10. b3 Re8 11. Ba3 Bf8 12. Rd2 e4 13. Ng5 e3 14. fxe3 Rxe3 15. Rf1 Qa5 16. Nce4 h6 17. Nxf7 Kxf7 18. Bxd6 Rxe4 19. Bxf8 Re8 20. Bd6 Nf8 21. e4 Kg8 22. e5 N6h7 23. Rdf2 Bg4 24. d5 Rac8 25. Qe4 Bh5 26. e6 cxd5 27. cxd5 Bg6 28. Qe5 Rc5 29. Rf7 Nxe6 30. Rxb7 Nhg5 31. h4 1-0